Discos de Patricio Rey y sus Redonditos de Ricota - Estadísticas

Estadísticas generales
  • Esta prueba ha sido intentada 124 veces
  • La puntuación promedio es 9 de 10
Estadísticas de respuestas
Año Disco % Correcto
1986 Oktubre
99%
1991 La Mosca y la Sopa
97%
1985 Gulp!
94%
1996 Luzbelito
92%
1993 Cordero Atado
91%
2000 Momo Sampler
90%
1993 Lobo Suelto
89%
1989 ¡Bang! ¡Bang!...Estás Liquidado
88%
1988 Un Baión para el Ojo Idiota
88%
1998 Último Bondi a Finisterre
82%
No se encontraron pruebas coincidentes
Distribución de puntuación
Porcentaje de gente con cada puntuación
Porcentaje por número respondido
Historial de tus puntuaciones
No has intentado esta prueba.